LotR: The Argument - Statistics

General Stats
  • This quiz has been taken 24 times
    9 since last reset
  • The average score is 5 of 10
Answer Stats
Answer % Correct
I will go with him to the {end}.
100%
I have {nothing} else.
83%
You {owe} him nothing.
83%
Lie down, {sleep}.
67%
Then let {death} break it.
50%
Death will {break} it.
33%
He has the last of my {heart}.
33%
I gave him my {word}.
33%
Why do you still {hope}?
33%
I cannot {yield}.
17%
No matching quizzes found
Score Distribution
Percent of People with Each Score
Percentile by Number Answered
Your Score History
You have not taken this quiz since the last reset